[Event "ITT Vicente Lopez"]
[Site "Villa Martelli"]
[Date "2006.08.02"]
[Round "10"]
[White "Granara Barreto, Sebastian A"]
[Black "Real de Azua, Ernesto"]
[Result "1/2-1/2"]
[WhiteElo "2273"]
[BlackElo "2378"]
[PlyCount "26"]
[EventDate "2006.07.24"]
[EventType "tourn"]
[EventRounds "11"]
[EventCountry "ARG"]

1. e4 c5 2. Nf3 Nc6 3. d4 cxd4 4. Nxd4 Nf6 5. Nc3 e5 6. Ndb5 d6 7. Bg5 a6 8.
Na3 b5 9. Nd5 Be7 10. Bxf6 Bxf6 11. c3 O-O 12. Nc2 Bg5 13. a4 bxa4 1/2-1/2

[Event "ITT Vicente Lopez"]
[Site "Villa Martelli"]
[Date "2006.08.02"]
[Round "10"]
[White "Needleman, Alejandro"]
[Black "COMP ZAP!Chess"]
[Result "0-1"]
[WhiteElo "2378"]
[BlackElo "2600"]
[PlyCount "60"]
[EventDate "2006.07.24"]
[EventType "tourn"]
[EventRounds "11"]
[EventCountry "ARG"]

1. e4 c6 2. d4 d5 3. Nd2 dxe4 4. Nxe4 Bf5 5. Ng3 Bg6 6. Nf3 Nd7 7. Bd3 Bxd3 8.
Qxd3 e6 9. O-O Qc7 10. Bd2 Ngf6 11. c4 O-O-O 12. b4 h5 13. a4 h4 14. Ne4 Nxe4
15. Qxe4 Nf6 16. Qe2 h3 17. g3 Kb8 18. Rfb1 Ka8 19. Ra2 Rh5 20. Rab2 Rf5 21. c5
Qd7 22. b5 Qd5 23. bxc6 Rxf3 24. c7 Rc8 25. Rxb7 Rb3 26. Rb8+ Rcxb8 27. cxb8=Q+
Kxb8 28. Rxb3+ Qxb3 29. f3 Nd5 30. a5 Be7 0-1

[Event "ITT Vicente Lopez"]
[Site "Villa Martelli"]
[Date "2006.08.02"]
[Round "10"]
[White "Prates, Fabiano"]
[Black "Ripari, Marcelo"]
[Result "0-1"]
[WhiteElo "2274"]
[BlackElo "2341"]
[PlyCount "70"]
[EventDate "2006.07.24"]
[EventType "tourn"]
[EventRounds "11"]
[EventCountry "ARG"]

1. e4 c5 2. c3 e6 3. Nf3 d5 4. e5 d4 5. Bd3 Nc6 6. Be4 Bd7 7. d3 Qc7 8. O-O
Nxe5 9. Nxe5 Qxe5 10. Bxb7 Rb8 11. f4 Qc7 12. Bf3 Bd6 13. g3 Ne7 14. Na3 dxc3
15. bxc3 O-O 16. Nc4 Nd5 17. Bd2 Bc6 18. Qc2 Nb6 19. Nxd6 Qxd6 20. Bxc6 Qxc6
21. f5 exf5 22. Rxf5 c4 23. d4 Rbe8 24. Rc5 Qa8 25. Bf4 Re4 26. Rf1 Rfe8 27.
Qg2 f6 28. Rc7 a5 29. Qf3 a4 30. Bd6 Nd5 31. Rd7 Qc6 32. Qf5 Re1 33. Bf4 Rxf1+
34. Kxf1 Nxf4 35. gxf4 Qf3+ 0-1

[Event "ITT Vicente Lopez"]
[Site "Villa Martelli"]
[Date "2006.08.03"]
[Round "11"]
[White "COMP ZAP!Chess"]
[Black "Della Morte, German"]
[Result "1-0"]
[WhiteElo "2600"]
[BlackElo "2275"]
[PlyCount "46"]
[EventDate "2006.07.24"]
[EventType "tourn"]
[EventRounds "11"]
[EventCountry "ARG"]

1. d4 d5 2. c4 c6 3. Nf3 Nf6 4. Nc3 e6 5. e3 Nbd7 6. Bd3 dxc4 7. Bxc4 b5 8. Bd3
Bb7 9. O-O a6 10. e4 c5 11. d5 Qc7 12. dxe6 fxe6 13. Qe2 c4 14. Bc2 Bc5 15. e5
Nd5 16. Ng5 Nf8 17. Nce4 Qxe5 18. Qf3 Be7 19. Nf7 Qc7 20. Nxh8 O-O-O 21. Nf7
Rd7 22. Rd1 h6 23. Bd2 b4 1-0

[Event "ITT Vicente Lopez"]
[Site "Villa Martelli"]
[Date "2006.08.03"]
[Round "11"]
[White "Cubas, Jose Fernando"]
[Black "Granara Barreto, Sebastian A"]
[Result "1-0"]
[WhiteElo "2421"]
[BlackElo "2273"]
[PlyCount "55"]
[EventDate "2006.07.24"]
[EventType "tourn"]
[EventRounds "11"]
[EventCountry "ARG"]

1. e4 c5 2. f4 d5 3. Nc3 d4 4. Nce2 Nc6 5. Nf3 g6 6. Ng3 h5 7. Bc4 h4 8. Ne2
Bg7 9. h3 a6 10. a3 e6 11. d3 Nge7 12. O-O Bd7 13. Bd2 Nc8 14. Ba2 Nd6 15. Be1
e5 16. Bf2 exf4 17. Nxf4 Ne5 18. Nd5 g5 19. b4 cxb4 20. Nxd4 g4 21. Nf5 Bxf5
22. exf5 gxh3 23. f6 hxg2 24. Re1 Bxf6 25. Bb6 Qc8 26. Nxf6+ Kf8 27. Rxe5 Qh3
28. Qg4 1-0

[Event "ITT Vicente Lopez"]
[Site "Villa Martelli"]
[Date "2006.08.03"]
[Round "11"]
[White "Real de Azua, Ernesto"]
[Black "De Dovitiis, Alejo"]
[Result "1/2-1/2"]
[WhiteElo "2378"]
[BlackElo "2371"]
[PlyCount "22"]
[EventDate "2006.07.24"]
[EventType "tourn"]
[EventRounds "11"]
[EventCountry "ARG"]

1. e4 e6 2. d4 d5 3. e5 c5 4. c3 Nc6 5. Nf3 Qb6 6. a3 c4 7. Nbd2 Na5 8. g3 Bd7
9. h4 Ne7 10. Bh3 h6 11. O-O O-O-O 1/2-1/2

[Event "ITT Vicente Lopez"]
[Site "Villa Martelli"]
[Date "2006.08.03"]
[Round "11"]
[White "Shcherbine, Andrei"]
[Black "Prates, Fabiano"]
[Result "0-1"]
[WhiteElo "2261"]
[BlackElo "2274"]
[PlyCount "74"]
[EventDate "2006.07.24"]
[EventType "tourn"]
[EventRounds "11"]
[EventCountry "ARG"]

1. e4 c5 2. Nf3 Nc6 3. d3 g6 4. g3 Bg7 5. Bg2 e6 6. O-O Nge7 7. Re1 d5 8. Qe2
b6 9. c3 Bb7 10. e5 Qc7 11. Bf4 b5 12. Nbd2 h6 13. h4 a5 14. a4 bxa4 15. Rxa4
Ba6 16. g4 Rb8 17. b3 h5 18. gxh5 Rxh5 19. c4 Bb7 20. Nf1 dxc4 21. Rxc4 Nb4 22.
Ng3 Bxf3 23. Qxf3 Rxh4 24. Ne4 Rxf4 25. Qxf4 Nxd3 26. Qd2 Nxe1 27. Rxc5 Qb6 28.
Qxe1 Qxb3 29. Qxa5 Qd1+ 30. Kh2 Qh5+ 31. Bh3 Nd5 32. Rb5 Bxe5+ 33. Kg1 Qd1+ 34.
Bf1 Qg4+ 35. Bg2 Rxb5 36. Qxb5+ Kf8 37. Qd3 Qxg2+ 0-1